000 01033nam a22002411a 4500
999 _c17868
_d17868
001 17868
003 OSt
005 20260204212338.0
008 170103s2015||||dr ||||||b||||||||||spa||
090 _aCON 2015 M177
100 1 _aMarte Díaz, Katherine
_esustentante
245 1 0 _aControl de gestión contable como herramienta para el tratamiento de activos de la UTECO / Katherine Marte Díaz y Venecia Ynmaculada Heredia Rojas asesor Jorge Custodio Heredia
260 _aCotuí, República Dominicana :
_bUTECO,
_c2015
300 _a95 hojas :
_bFotos ;
_c28cm.
502 _aTrabajo de grado (Licenciatura en Contabilidad) --Universidad Tecnológica del Cibao Oriental, 2015
504 _aIncluye referencia bibliográfica e índice
520 _aCONTABILIDADÌ
650 4 _aGestión contable
700 1 _aHeredia Rojas, Venecia Ynmaculada
_esustentante
700 1 _aCustodio Heredia, Jorge
_easesor
830 _aTesis y disertaciones académicas (Universidad Tecnológica del Cibao Oriental)
942 _2LC
_cTH